000 01217cad a22002535a 4500
001 L151384
008 101101e20101029xxkd f s 000 0 eng d
035 _a(Sirsi) u151384
041 0 _aeng
050 0 4 _a333.33 $2 18
110 2 _aRoyal Institution of Chartered Surveyors
_bEconomics
_95033
245 0 0 _aRICS global real estate weekly
_b29 October 2010
_h[electronic resource]
260 _aLondon
_bRICS
_c2010
490 0 _aRICS Global Real Estate Weekly
_v29 October 2010
520 _aReserve Bank of India voices concern over some parts of the real estate sector. Impact of US imminent second round of quantitative easing on property uncertain.Spain - mixed signals on economy and housing. Reserve Bank of Australia set to resume tightening of monetary policy.
590 _aKA
650 2 4 _aRICS GLOBAL REAL ESTATE WEEKLY
651 4 _aInternational
690 _aBUILT ENVIRONMENT-CONSTRUCTION MARKET
690 _aPROPERTY-RESIDENTIAL PROPERTY-RESIDENTIAL PROPERTY MARKET
690 _aPROPERTY-COMMERCIAL PROPERTY-COMMERCIAL PROPERTY MARKET
856 4 0 _uhttps://www.rics.org/site/download_feed.aspx?fileID=7700&fileExtension=PDF
_zView the report free of charge at www.rics.org
942 _n0
999 _c111326
_d111326